Matemática 4º medio: texto para estudiantes
Saved in:
| Hovedforfatter: | |
|---|---|
| Format: | Bog |
| Sprog: | spansk |
| Udgivet: |
Santiago
Zig-Zag
2000
|
| Udgivelse: | 2a. ed |
| Fag: | |
| Tags: |
Tilføj Tag
Ingen Tags, Vær først til at tagge denne postø!
|
MARC
| LEADER | 00000nam a2200000 a 4500 | ||
|---|---|---|---|
| 001 | UCN8192 | ||
| 003 | CL-VaPUC | ||
| 008 | 011109e20000000CL |||||||||||||||||spa|d | ||
| 082 | 0 | 4 | |a 510.712 |b RIE |2 21 |
| 100 | 0 | |a Riera Lira, Gonzalo |e author |9 464425 | |
| 245 | 1 | 0 | |a Matemática 4º medio: texto para estudiantes |
| 250 | |a 2a. ed | ||
| 300 | |a 384 p | ||
| 942 | |c BK | ||
| 945 | |d 20011109 00:00:00 |a cmena | ||
| 260 | |a Santiago |b Zig-Zag |c 2000 | ||
| 650 | 0 | |a Matemáticas |x Enseñanza |9 875527 | |
| 650 | 0 | |a Libros de texto |9 270019 | |
| 650 | 0 | |a Métodos de aprendizaje |9 334464 | |
| 583 | |a last modification |c 20170821 03:34:22 |k Rodrigo Vera | ||
| 999 | |c 298221 |d 298219 | ||
| 952 | |0 0 |1 0 |4 0 |6 510_712000000000000_RIE_2000 |7 0 |8 P |9 353683 |a BIBEDU |b BIBEDU |c BIBEDU_PB |d 2019-11-21 |i 3768724 |o 510.712 RIE 2000 |p 3768724 |r 2024-01-25 |w 2019-11-21 |y BK |k BME | ||